Dancing With Our Hands Tied - Taylor Swift (All Lyrics) - Statistics

General Stats
  • This quiz has been taken 289 times
    275 since last reset
  • The average score is 399 of 438
Answer Stats
Lyrics % Correct
I,
99%
I
99%
with
99%
you
99%
You
99%
a
98%
hands
98%
Hands
98%
we
98%
were
98%
an
97%
dancin'
97%
Dancin'
97%
dancin')
97%
(Dancin'
97%
(Dancin')
97%
in
97%
love
97%
our
97%
the
97%
tied,
97%
tied
97%
tied)
97%
And
96%
and
96%
had
96%
(Had
96%
My,
96%
my
96%
your
96%
it
95%
loved
95%
to
95%
was
95%
yeah,
95%
Yeah,
95%
yeah)
95%
bad
94%
but
94%
But
94%
could
94%
go
94%
know?
94%
secret
94%
feelin'
93%
feelin')
93%
First
93%
first
93%
(First
93%
how
93%
me
93%
me,
93%
that
93%
who
93%
Oh,
92%
(Oh,
92%
(Oh)
92%
Like
91%
pockets
91%
time,
91%
time
91%
time)
91%
years
91%
no
90%
old
90%
of
89%
twenty-five
89%
world
89%
reason
88%
without
88%
nothin'
86%
dance
85%
If
85%
locket
85%
Picture
85%
I'd
84%
out
84%
painted
84%
said
84%
stop
84%
as
83%
blue,
83%
Deep
83%
face
83%
forever
83%
golden
83%
invisible
83%
there
83%
us
83%
been
82%
one
82%
would
82%
again
81%
(Again,
81%
kiss
81%
into
80%
lights
80%
could've
79%
I'm
79%
oasis
79%
water
79%
close
78%
held
78%
it's
78%
can
77%
down
77%
frozen
77%
hold
77%
rushes
77%
went
77%
wanted
76%
'cause
75%
turned
74%
baby,
72%
room
72%
spent
72%
through
72%
bed
71%
divide
70%
mess,
70%
mess
70%
spite
69%
sight,
68%
avalanche?
67%
fears
67%
got
67%
sacred
67%
burned
66%
gravity
66%
keeping
66%
Say,
66%
say
66%
So,
66%
People
64%
puttin'
63%
knew
60%
(Knew
60%
talkin',
59%
started
58%
take
58%
Swayin'
57%
paces
56%
darlin',
53%
No matching quizzes found
Score Distribution
Percent of People with Each Score
Percentile by Number Answered
Your Score History
You have not taken this quiz since the last reset